The Guatemalan politico - military project: legacies for a violent peace ? /
Saved in:
| Main Author: | |
|---|---|
| Format: | Text |
| Subjects: | |
| Tags: |
Add Tag
No Tags, Be the first to tag this record!
|
MARC
| LEADER | 00000 a a2200000 04500 | ||
|---|---|---|---|
| 001 | 9168 | ||
| 003 | |||
| 040 | |||
| 100 | |a Schirmer, Jennifer | ||
| 245 | |a The Guatemalan politico - military project: |b legacies for a violent peace ? / |c Jennifer Schirmer | ||
| 650 | |a MILITARISMO | ||
| 650 | |a GOBERNABILIDAD | ||
| 650 | |a ASPECTOS POLITICOS | ||
| 650 | |a CONFLICTOS POLITICOS | ||
| 650 | |2 Macrothesaurus de la OCDE | ||
| 650 | |a GUATEMALA | ||
| 773 | |g volumen 26, número 2; páginas 92-107 | ||
| 999 | |c 31994 |d 31994 | ||
